|
|
|
|
| LEADER |
00000csc a2200000 a 4500 |
| 001 |
50528-2 |
| 005 |
20230308213041.0 |
| 008 |
956040|1952 ||||||||r|||||||||||spa|| |
| 040 |
|
|
|b spa
|
| 041 |
1 |
|
|a spa
|
| 082 |
0 |
|
|a 909
|
| 100 |
1 |
|
|a Pirenne, Jacques
|9 23565
|
| 245 |
|
|
|a Desde el Islam al renacimiento
|c Jacques Pirenne, trad. Julio López Oliván, José Plá
|h imp
|
| 264 |
|
|
|a Barcelona
|b Luis de Caralt
|c 1952
|
| 300 |
|
|
|a 489 páginas:
|c 27.5 cm
|
| 490 |
|
|
|a Grandes Corrientes de la Historia Universal
|n tomo 2
|
| 650 |
1 |
|
|a Islam
|9 8071
|
| 650 |
1 |
|
|a Renacimiento
|
| 852 |
|
|
|a UC-CDJBV
|c TERCER PISO
|f Compra
|k margarita.gutierrez
|l 1
|m Limitada
|p 19560404
|t 50528-2
|b 1
|d CDRC
|e CDRC
|g 909 TERCER PISO
|z 1956-60-40
|
| 942 |
|
|
|
| 999 |
|
|
|c 124242
|d 124242
|